00510nam a2200193 a 4500001001300000003000900013005001700022008004100039020000900080082001600089100002000105245003500125260005500160300000900215500003500224505001000259650002700269700002000296nice12345678IN_TiNIC20260116013547.0050524s1998 bana grp 000 0 eng  ac9500a231.76bCOM aComposta, Dario aHistory of Ancient Philosophy. aBangalorebTheological Publications in Indiac1998 a495p aincludes index and biblioraphy2 aIndex aPhilosophical-Theology1 aComposta, Dario